| 000 | 00452 a2200109 4500 | ||
|---|---|---|---|
| 020 | _a1566704464 (alk. paper) | ||
| 082 | _a628.168 FIO | ||
| 245 |
_aSequenced reactive barriers for groundwater remediation / _cedited by Stephanie Fiorenza, Carroll L. Oubre, C. Herb Ward ; authors James F. Barker ... [et al.]. |
||
| 260 |
_aBoca Raton, FL : _bLewis Publishers, _c2000. |
||
| 300 |
_a730 p. : _bill. ; _c26 cm. |
||
| 650 |
_aGroundwater _xPurification. |
||
| 650 | _aMembranes (Technology) | ||
| 999 |
_c1686 _d1686 |
||